000
00252nam a2200097Ia 4500
001
657835
005
20250826154623.0
008
250824s9999 xx 000 0 und d
245
0
_a
RUBY ROGERS BU HİÇ ADİL DEĞİL
_c
SUE LİMB
260
_b
ALTIN KİTAPLAR
999
_c
657835
_d
657835